[Event "Dortmund Sparkassen op-C 47th"]
[Site "Dortmund"]
[Date "2019.07.18"]
[Round "6"]
[White "Guelcan, Batuhan Ege"]
[Black "Besou, Mustafa"]
[Result "0-1"]
[WhiteElo "1172"]
[BlackElo "1428"]
[PlyCount "68"]
[EventDate "2019.07.13"]
[EventType "swiss"]
[EventRounds "9"]
[EventCountry "GER"]
[SourceTitle "CBM 192 Extra"]
[Source "Chessbase"]
[SourceDate "2019.11.06"]
[SourceVersion "1"]
[SourceVersionDate "2019.11.06"]
[SourceQuality "1"]

1. e4 e5 2. Nf3 Nc6 3. d4 exd4 4. Nxd4 Bc5 5. Nb3 Bb6 6. Nc3 Nf6 7. g3 d6 8. h3 0-0 9. Bg2 h6 10. 0-0 Be6 11. Bf4 Qd7 12. Kh2 Rae8 13. Re1 Bxf2 14. Re2 Bb6 15. e5 Nh5 16. exd6 Nxf4 17. gxf4 cxd6 18. Rd2 Bc7 19. Nc5 Qc8 20. N5e4 d5 21. Nxd5 Bxd5 22. Rxd5 Bxf4+ 23. Kh1 Rxe4 24. Qf3 Ree8 25. Rad1 g5 26. Qh5 Re6 27. Bf3 Ne5 28. Be4 Qxc2 29. Kg1 Qh2+ 30. Kf1 Rf6 31. Qe2 Bd2+ 32. Bf3 Rxf3+ 33. Qxf3 Nxf3 34. R1xd2 Qg1+ 0-1